|
|
|
|
| LEADER |
00000cam a2200000 i 4500 |
| 001 |
1/87236 |
| 008 |
960916s1989 gr | ||| |||| ||gre|| |
| 035 |
|
|
|a 1992
|b 3
|c Μικιόζος
|l 10035187
|
| 040 |
|
|
|a GR-MY-UA
|b gre
|e aacr
|
| 041 |
1 |
|
|a gre
|h ger
|
| 082 |
7 |
|
|a 796.077
|2 (22)
|
| 100 |
1 |
|
|a Scholich, Manfred.
|
| 245 |
1 |
0 |
|a Κυκλική προπόνηση /
|c Manfred Scholich ; επιστημονική επιμέλεια για την ελληνική έκδοση: Γιαννακίδου Κούλα, Πυλιανίδης Θεόφιλος, Τζιωρτζής Σταύρος ; μετάφραση: Σκόρδα Κατερίνα.
|
| 260 |
|
|
|a [Θεσσαλονίκη] :
|b [Salto],
|c [1989].
|
| 300 |
|
|
|a 246 σ. :
|b σχήμ. ;
|c 24 εκ.
|
| 500 |
|
|
|a Τίτλος πρωτοτύπου: Kreistraining.
|
| 650 |
0 |
0 |
|a Coaching (Athletics)
|
| 700 |
1 |
|
|a Γιαννακίδου, Κούλα,
|e edtf
|
| 700 |
1 |
|
|a Πυλιανίδης, Θεόφιλος Χ.
|e edt
|
| 700 |
1 |
|
|a Τζιωρτζής, Σταύρος,
|e edt
|
| 700 |
1 |
|
|a Σκόρδα, Κατερίνα,
|e trlf
|
| 852 |
|
|
|a INST
|b RHODES
|e 19960916
|h 796.077 SCH
|p 005400009293
|q 005400009293
|t BK
|y 0
|
| 909 |
|
|
|a Ρ
|b 024863
|
| 970 |
|
|
|z 2000/07
|